Subdivision capitals closest to Nyíregyháza (HU) - Statistics

General Stats
  • This quiz has been taken 13 times
  • The average score is 12 of 20
Answer Stats
Distance (km) Answer % Correct
16 194 Budapest
100%
1 48 Debrecen
100%
5 92 Košice
83%
17 200 Arad
67%
12 150 Békéscsaba
67%
14 191 Cluj-Napoca
67%
6 100 Eger
67%
15 192 Kecskemét
67%
2 71 Miskolc
67%
7 101 Oradea
67%
18 224 Szeged
67%
10 144 Szolnok
67%
11 147 Baia Mare
50%
8 121 Prešov
50%
13 150 Salgótarján
50%
4 88 Satu Mare
50%
3 86 Užgorod
50%
19 227 Banská Bystrica
33%
9 132 Zalău
33%
20 228 Bistrița
17%
No matching quizzes found
Score Distribution
Percent of People with Each Score
Percentile by Number Answered
Your Score History
You have not taken this quiz